| 000 | 00332nam a2200121Ia 4500 | ||
|---|---|---|---|
| 008 | 230907s9999||||xx |||||||||||||| ||und|| | ||
| 082 |
_a519.5 _bMOO |
||
| 100 |
_aMoore, David S., _968 |
||
| 245 | 0 | _aIntroduction to the practice of statistics / | |
| 300 | _a1 volume (various pagings) : | ||
| 650 |
_aTextbooks. _98511 |
||
| 942 | _cBK | ||
| 999 |
_c599062 _d599062 |
||